00450nam a2200133 a 450000100100000000500170001000800410002704000250006808200140009311000510010724500740015826000500023230000340028200003037820220823125740.0110516s19uu dr ac 000 0 spa d aDO-SdBNPbspacBNPHU axxxbR4262 aBanco de Reservas de la República Dominicana10aBanco de Reservas de la República Dominicana :binforme anual 1983. aSanto Domingo :bBanco de Reservas,c[19--?]. a42 p. :bil., retr. ;c29 cm.